[Event "Rated Blitz tournament 1CwGHbLp"]
[Site "?"]
[Date "2021.06.10"]
[Round "?"]
[White "HpRmDrNsT"]
[Black "BraveHe1art"]
[Result "0-1"]
[WhiteElo "2481"]
[BlackElo "2499"]
[PlyCount "154"]
[EventDate "2021.??.??"]
[EventType "blitz"]

1. e4 e5 2. Nf3 Nc6 3. c3 d5 4. Qa4 f6 5. Bb5 Nge7 6. exd5 Qxd5 7. O-O Bd7 8.
d4 a6 9. c4 Qd6 10. d5 Na7 11. Bxd7+ Qxd7 12. Qc2 Ng6 13. h4 Bc5 14. h5 Ne7 15.
Nc3 Qf5 16. Ne4 Nac8 17. Qe2 Ba7 18. h6 g5 19. Ng3 Qg6 20. Be3 O-O 21. Bxa7
Rxa7 22. Rad1 Nd6 23. c5 Ndf5 24. d6 cxd6 25. Nxf5 Nxf5 26. cxd6 b5 27. Qe4 Rd7
28. Rd2 Rfd8 29. Rfd1 Nxd6 30. Qc6 g4 31. Nh4 Qxh6 32. Rxd6 Rxd6 33. Rxd6 Rxd6
34. Qxd6 Qxh4 35. Qe6+ Kg7 36. Qxa6 g3 37. Qb7+ Kg6 38. fxg3 Qd4+ 39. Kh2 Qxb2
40. a4 b4 41. a5 b3 42. a6 Qa2 43. a7 b2 44. Qe4+ f5 45. Qc6+ Kg5 46. a8=Q Qxa8
47. Qxa8 b1=Q 48. Qg8+ Kf6 49. Qh8+ Ke6 50. Qxh7 Qc1 51. Qg6+ Kd5 52. Qxf5 Qh6+
53. Qh3 Qc1 54. Qg4 Qc4 55. Qf3+ e4 56. Qf7+ Kd4 57. Qf4 Qd3 58. g4 Kc3 59.
Qc7+ Kd2 60. Qg3 e3 61. g5 e2 62. Qf2 Kd1 63. g6 e1=Q 64. Qxe1+ Kxe1 65. g3
Qxg6 66. Kh3 Qg5 67. Kg2 Ke2 68. Kh3 Qf5+ 69. g4 Qg5 70. Kg3 Qf4+ 71. Kh4 Ke3
72. Kh5 Kf3 73. g5 Qg4+ 74. Kh6 Qh4+ 75. Kg6 Qg4 76. Kf6 Kf4 77. g6 Qh4+ {
Time forfeit} 0-1

[Event "Rated Blitz tournament 1CwGHbLp"]
[Site "?"]
[Date "2021.06.10"]
[Round "?"]
[White "HpRmDrNsT"]
[Black "Beberamos"]
[Result "1-0"]
[WhiteElo "2468"]
[BlackElo "2242"]
[PlyCount "73"]
[EventDate "2021.??.??"]
[EventType "blitz"]

1. e4 e5 2. Nf3 Nc6 3. c3 d5 4. Qa4 dxe4 5. Nxe5 Bd7 6. Nxd7 Qxd7 7. Bb5 Nf6 8.
O-O Bd6 9. d4 exd3 10. Re1+ Kf8 11. Bxc6 Qxc6 12. Qxc6 bxc6 13. Rd1 Re8 14. Be3
Ng4 15. Bxa7 Bxh2+ 16. Kf1 Bd6 17. Nd2 f6 18. Nf3 Kf7 19. Rxd3 Re7 20. a4 h5
21. a5 h4 22. a6 Ree8 23. b4 h3 24. gxh3 Rxh3 25. Kg2 Rhh8 26. Bd4 g5 27. a7
Nh6 28. Bc5 Bf4 29. Rd7+ Ke6 30. Rad1 Nf5 31. R7d3 g4 32. Re1+ Kf7 33. Rd7+ Kg6
34. Rxe8 gxf3+ 35. Kxf3 Rxe8 36. Kxf4 Ne7 37. Rxe7 {Normal} 1-0

[Event "Rated Blitz game"]
[Site "?"]
[Date "2021.06.10"]
[Round "?"]
[White "Buzilo"]
[Black "DiogenesSinopeus"]
[Result "1-0"]
[WhiteElo "2375"]
[BlackElo "2486"]
[PlyCount "92"]
[EventDate "2021.??.??"]
[EventType "blitz"]

1. e4 e5 2. Nf3 Nc6 3. c3 Nf6 4. d4 Nxe4 5. d5 Bc5 6. dxc6 Bxf2+ 7. Ke2 Bb6 8.
cxd7+ Bxd7 9. Nxe5 Bb5+ 10. c4 Qxd1+ 11. Kxd1 Nf2+ 12. Kc2 Nxh1 13. cxb5 O-O-O
14. Nc3 Rhf8 15. Bc4 f6 16. Be6+ Kb8 17. Nd7+ Rxd7 18. Bxd7 Nf2 19. Bd2 h5 20.
Re1 Ng4 21. Bxg4 hxg4 22. Re7 g5 23. Nd5 a6 24. Nxb6 cxb6 25. bxa6 bxa6 26. Be3
Rh8 27. Bg1 f5 28. Rg7 Rh5 29. g3 Kc8 30. Kd3 Kd8 31. Ke2 Ke8 32. Kf1 Kf8 33.
Rb7 f4 34. Rxb6 f3 35. Rxa6 Rh7 36. Rd6 Rc7 37. Rd2 Kf7 38. Be3 Kf6 39. Kf2 Kf5
40. b4 Rc3 41. b5 Ra3 42. b6 Ra5 43. Rb2 Ra8 44. b7 Rb8 45. Ba7 Rxb7 46. Rxb7
Ke4 {Normal} 1-0

[Event "Rated Blitz tournament UePySK3c"]
[Site "?"]
[Date "2021.06.10"]
[Round "?"]
[White "Morf1us"]
[Black "cihanakif"]
[Result "1-0"]
[WhiteElo "2527"]
[BlackElo "2339"]
[PlyCount "45"]
[EventDate "2021.??.??"]
[EventType "blitz"]

1. e4 e5 2. Nf3 Nc6 3. c3 Nf6 4. d3 Bc5 5. Be2 d6 6. b4 Bb6 7. O-O O-O 8. a4 a5
9. b5 Ne7 10. Na3 Ng6 11. Nc4 Ba7 12. h3 Qe7 13. Re1 Be6 14. Nxa5 Bxh3 15. gxh3
Nh5 16. Nc4 Ngf4 17. Bf1 Qf6 18. Ne3 Qg6+ 19. Kh2 Qh6 20. Nf5 Qg6 21. Be3 Bxe3
22. fxe3 Nxh3 23. Ne7+ {Normal} 1-0

[Event "Rated Blitz game"]
[Site "?"]
[Date "2021.06.10"]
[Round "?"]
[White "wader51"]
[Black "EgyptianplayerX"]
[Result "0-1"]
[WhiteElo "2462"]
[BlackElo "2371"]
[PlyCount "54"]
[EventDate "2021.??.??"]
[EventType "blitz"]

1. e4 e5 2. Nf3 Nc6 3. c3 d5 4. Bb5 dxe4 5. Nxe5 Bd7 6. Nxd7 Qxd7 7. Qa4 f5 8.
O-O Bd6 9. d4 Nge7 10. c4 Bxh2+ 11. Kxh2 Qxd4 12. Bf4 Qxb2 13. Bxc6+ Nxc6 14.
Nd2 O-O-O 15. Rab1 Qf6 16. Rxb7 Kxb7 17. Rb1+ Kc8 18. Nb3 Kd7 19. g3 g5 20.
Nc5+ Ke7 21. Bxc7 Rd2 22. Kg2 Qd4 23. Rf1 Qxc5 24. Qb3 Nd4 25. Qb7 Qc6 26. Qxa7
e3+ 27. Kh2 Ra8 {Time forfeit} 0-1

[Event "Rated Blitz tournament mGP78r0m"]
[Site "?"]
[Date "2021.06.10"]
[Round "?"]
[White "Medion72"]
[Black "JACarmona"]
[Result "1-0"]
[WhiteElo "2425"]
[BlackElo "2327"]
[PlyCount "65"]
[EventDate "2021.??.??"]
[EventType "blitz"]

1. e4 e5 2. Nf3 Nc6 3. c3 Nf6 4. d4 exd4 5. e5 Nd5 6. Qb3 Nb6 7. cxd4 d5 8. Bb5
Bd7 9. O-O Be7 10. Be3 O-O 11. Nbd2 a6 12. Bd3 Be6 13. Rac1 Na5 14. Qc2 g6 15.
b3 Nc6 16. h3 Rc8 17. Nb1 Nb4 18. Qd2 Nxd3 19. Qxd3 c6 20. Nc3 Re8 21. Ne2 Bf8
22. Bd2 Bg7 23. Ba5 Bh6 24. Rc2 Bf5 25. Qd1 Bxc2 26. Qxc2 Bf8 27. b4 Be7 28.
Nc3 c5 29. bxc5 Bxc5 30. dxc5 Rxc5 31. Bb4 Rc8 32. Qb3 d4 33. Rd1 {Normal} 1-0

[Event "Rated Blitz game"]
[Site "?"]
[Date "2021.06.10"]
[Round "?"]
[White "Lode77"]
[Black "progamer777"]
[Result "1-0"]
[WhiteElo "2415"]
[BlackElo "2277"]
[PlyCount "31"]
[EventDate "2021.??.??"]
[EventType "blitz"]

1. e4 e5 2. Nf3 Nc6 3. c3 d5 4. Bb5 dxe4 5. Nxe5 Qd5 6. Bxc6+ bxc6 7. d4 h5 8.
O-O f6 9. Ng6 Rh7 10. Re1 Bf5 11. Nf4 Qf7 12. f3 O-O-O 13. fxe4 Bg4 14. Qa4 Kb7
15. Na3 Bxa3 16. bxa3 {Normal} 1-0

[Event "Rated Blitz tournament UePySK3c"]
[Site "?"]
[Date "2021.06.10"]
[Round "?"]
[White "Morf1us"]
[Black "tka3"]
[Result "0-1"]
[WhiteElo "2535"]
[BlackElo "2386"]
[PlyCount "52"]
[EventDate "2021.??.??"]
[EventType "blitz"]

1. e4 e5 2. Nf3 Nc6 3. c3 Nf6 4. d3 d5 5. Nbd2 Bc5 6. Be2 a5 7. O-O O-O 8. h3
h6 9. b3 Be6 10. a3 Re8 11. Bb2 dxe4 12. dxe4 Nh5 13. Qc2 Nf4 14. Bb5 Qf6 15.
Kh2 Rad8 16. b4 Bb6 17. Bc4 Qg6 18. Nh4 Qh5 19. Bxe6 Rxe6 20. Ndf3 Rd3 21. Bc1
Nxg2 22. Kxg2 Rg6+ 23. Nxg6 Qxf3+ 24. Kg1 Qg3+ 25. Kh1 Qxh3+ 26. Kg1 Rg3# {
Normal} 0-1

[Event "Rated Blitz tournament eLTGq6dD"]
[Site "?"]
[Date "2021.06.10"]
[Round "?"]
[White "Zayats71"]
[Black "al_bundy_is_a_hero"]
[Result "1-0"]
[WhiteElo "2681"]
[BlackElo "2419"]
[PlyCount "47"]
[EventDate "2021.??.??"]
[EventType "blitz"]

1. e4 e5 2. Nf3 Nc6 3. c3 Nf6 4. d4 exd4 5. e5 Nd5 6. Bb5 a6 7. Ba4 Nb6 8. Bb3
d5 9. cxd4 Bg4 10. Be3 Be7 11. Nbd2 O-O 12. O-O f6 13. h3 Bh5 14. Qc1 fxe5 15.
Nxe5 Nxe5 16. dxe5 Bf7 17. Bxb6 cxb6 18. Nf3 Bc5 19. Qd2 Qd7 20. Ng5 Rad8 21.
Rad1 h6 22. Nxf7 Rxf7 23. Bxd5 Kh8 24. e6 {Normal} 1-0

[Event "Rated Blitz game"]
[Site "?"]
[Date "2021.06.09"]
[Round "?"]
[White "FedericoGonzalez"]
[Black "Parkrunner2038"]
[Result "0-1"]
[WhiteElo "2410"]
[BlackElo "2449"]
[PlyCount "76"]
[EventDate "2021.??.??"]
[EventType "blitz"]

1. e4 e5 2. Nf3 Nc6 3. c3 d5 4. Qa4 Bd7 5. exd5 Nd4 6. Qd1 Nxf3+ 7. Qxf3 Bd6 8.
c4 f5 9. Nc3 Nf6 10. Qd1 O-O 11. Be2 c6 12. O-O cxd5 13. cxd5 Qe7 14. d4 e4 15.
f4 a6 16. Be3 b5 17. a3 Qf7 18. Qb3 Bc8 19. Qa2 Bb7 20. Rac1 Nxd5 21. Nxd5 Bxd5
22. Qb1 h6 23. g3 Kh7 24. Qc2 Rg8 25. Qd2 Qe6 26. Qe1 Rgc8 27. Qa5 Bc4 28. Qd2
Qd5 29. Bxc4 bxc4 30. Rc2 Rab8 31. Rfc1 Rb3 32. Rc3 Rcb8 33. R1c2 Rxc3 34. Rxc3
Bc7 35. Qc2 Ba5 36. Rxc4 Rxb2 37. Qc1 Qb5 38. Rc5 Qe2 {Normal} 0-1

[Event "Rated Blitz game"]
[Site "?"]
[Date "2021.06.09"]
[Round "?"]
[White "FedericoGonzalez"]
[Black "masanchemio"]
[Result "0-1"]
[WhiteElo "2402"]
[BlackElo "2386"]
[PlyCount "82"]
[EventDate "2021.??.??"]
[EventType "blitz"]

1. e4 e5 2. Nf3 Nc6 3. c3 d5 4. Qa4 f6 5. d3 Be6 6. b4 Qd7 7. a3 a5 8. b5 Nce7
9. c4 d4 10. Qc2 Ng6 11. g3 Bc5 12. Nbd2 a4 13. h4 h5 14. Ng1 N8e7 15. Bh3 f5
16. exf5 Nxf5 17. Ne4 b6 18. Bg5 Nd6 19. Qe2 Bg4 20. Nxd6+ Bxd6 21. Qe4 Kf7 22.
Bxg4 Qxg4 23. Qd5+ Qe6 24. Qc6 Rae8 25. Qe4 Qg4 26. Qd5+ Qe6 27. Qe4 Qg4 28.
Qxg4 hxg4 29. h5 Ne7 30. Rh4 Nf5 31. Rxg4 Rxh5 32. Bc1 Rh1 33. Kf1 Reh8 34. Bd2
R8h2 35. Re4 g6 36. Rg4 Bc5 37. Re4 Bd6 38. Rg4 Ne7 39. Re4 Ng8 40. Ree1 Nf6
41. Ke2 Ng4 {Normal} 0-1

[Event "Rated Blitz game"]
[Site "?"]
[Date "2021.06.09"]
[Round "?"]
[White "CodeSlam"]
[Black "Hydrochesswinsez"]
[Result "0-1"]
[WhiteElo "2539"]
[BlackElo "2476"]
[PlyCount "124"]
[EventDate "2021.??.??"]
[EventType "blitz"]

1. e4 e5 2. Nf3 Nc6 3. c3 Nf6 4. d3 Bc5 5. Be2 d6 6. h3 Be6 7. Nbd2 O-O 8. Nf1
Ne7 9. d4 exd4 10. cxd4 Bb4+ 11. Bd2 Bxd2+ 12. N1xd2 d5 13. e5 Ne4 14. O-O Nf5
15. Bd3 Nxd2 16. Qxd2 Rc8 17. Rac1 b6 18. Qf4 g6 19. Rc6 Bd7 20. Rc3 c5 21.
Rfc1 Qe7 22. Bxf5 Bxf5 23. Qh6 f6 24. exf6 Rxf6 25. Ng5 Qg7 26. Qxg7+ Kxg7 27.
dxc5 Rfc6 28. cxb6 Rxc3 29. Rxc3 Rxc3 30. bxc3 axb6 31. Kf1 Kf6 32. Nf3 b5 33.
Nd4 Bd3+ 34. Ke1 Bc4 35. a3 h5 36. Kd2 g5 37. Ke3 Ke5 38. g3 Bf1 39. f4+ gxf4+
40. gxf4+ Kf6 41. Kf3 Bc4 42. Kg3 Kg6 43. Kh4 Bd3 44. Kg3 Bc4 45. Kf3 Bd3 46.
Ke3 Bc4 47. Nf3 Bf1 48. Nh4+ Kf6 49. Kd4 Bxh3 50. Kxd5 Bf1 51. Kc5 Ke6 52. Kb4
Kd5 53. f5 Ke5 54. a4 bxa4 55. Kxa4 Bd3 56. Kb4 Bxf5 57. Nxf5 Kxf5 58. c4 h4
59. Kb5 h3 60. c5 h2 61. c6 h1=Q 62. c7 Qb7+ {Time forfeit} 0-1

[Event "Rated Blitz game"]
[Site "?"]
[Date "2021.06.09"]
[Round "?"]
[White "wader51"]
[Black "Loezjin"]
[Result "0-1"]
[WhiteElo "2442"]
[BlackElo "2342"]
[PlyCount "62"]
[EventDate "2021.??.??"]
[EventType "blitz"]

1. e4 e5 2. Nf3 Nc6 3. c3 Nf6 4. d4 exd4 5. e5 Nd5 6. cxd4 Bb4+ 7. Bd2 Bxd2+ 8.
Qxd2 O-O 9. Be2 d6 10. exd6 Qxd6 11. Nc3 Nf4 12. O-O-O Nxe2+ 13. Qxe2 Qf4+ 14.
Qe3 Qxe3+ 15. fxe3 Ne7 16. e4 c6 17. h3 Be6 18. Ng5 Bc4 19. e5 Rad8 20. Nge4
Nd5 21. Nd6 Nxc3 22. bxc3 Bxa2 23. Nxb7 Bd5 24. Rd2 Rb8 25. Nd6 Rb3 26. Kc2
Rfb8 27. Kd3 Rb2 28. Rhd1 Bxg2 29. Rxb2 Rxb2 30. Ra1 a6 31. Rxa6 Bf1+ {Normal}
0-1

[Event "Rated Rapid tournament qngaKazW"]
[Site "?"]
[Date "2021.06.09"]
[Round "?"]
[White "PerSoderberg"]
[Black "HSGM"]
[Result "0-1"]
[WhiteElo "2231"]
[BlackElo "2471"]
[PlyCount "90"]
[EventDate "2021.??.??"]
[EventType "rapid"]

1. e4 e5 2. Nf3 Nc6 3. c3 Nf6 4. d3 d5 5. Qc2 Bc5 6. b4 Bb6 7. b5 Ne7 8. Nxe5
O-O 9. Be2 dxe4 10. dxe4 Re8 11. Nc4 Ng6 12. Nxb6 axb6 13. Nd2 Nf4 14. Bf3 Nd3+
15. Ke2 Nf4+ 16. Kf1 Qd7 17. a4 Qe6 18. Bb2 Rd8 19. c4 Ng4 20. h3 Ne5 21. Bxe5
Qxe5 22. Ra3 Be6 23. g3 Nxh3 24. Bg2 Qc5 25. Rf3 Ng5 26. Rd3 f6 27. f4 Nf7 28.
e5 f5 29. Bxb7 Rxd3 30. Qxd3 Rd8 31. Qe2 Qd4 32. Rh2 Qc3 33. Bd5 Bxd5 34. cxd5
Rxd5 35. Nf3 Rd3 36. Rf2 Re3 37. Qd1 h6 38. Qd5 Rd3 39. Qa8+ Kh7 40. e6 Nd6 41.
e7 Re3 42. Ne5 Rxg3 43. Nf3 Qd3+ 44. Ke1 Qe3+ 45. Kf1 Ne4 {Time forfeit} 0-1

[Event "Rated Blitz tournament UhbYpRI7"]
[Site "?"]
[Date "2021.06.09"]
[Round "?"]
[White "Brave_spirit12"]
[Black "OhanyanEminChess"]
[Result "0-1"]
[WhiteElo "2487"]
[BlackElo "2561"]
[PlyCount "63"]
[EventDate "2021.??.??"]
[EventType "blitz"]

1. e4 e5 2. Nf3 Nc6 3. c3 Nf6 4. d4 exd4 5. e5 Nd5 6. cxd4 d6 7. Nc3 Nxc3 8.
bxc3 dxe5 9. d5 Ne7 10. c4 Ng6 11. Bd3 Bb4+ 12. Bd2 Bxd2+ 13. Qxd2 O-O 14. O-O
Re8 15. Rfe1 f6 16. Rad1 Nf4 17. Be4 Bg4 18. c5 Qd7 19. g3 Nh3+ 20. Kg2 Bxf3+
21. Bxf3 Ng5 22. Be4 Nxe4 23. Rxe4 Qb5 24. Rc1 Rad8 25. Rb4 Qa6 26. Qb2 Rxd5
27. c6 bxc6 28. Rb7 Rb5 29. Rxb5 Qxb5 30. Qxb5 cxb5 31. Rxc7 Ra8 32. Rxa7 {
Normal} 0-1

[Event "Rated Blitz game"]
[Site "?"]
[Date "2021.06.09"]
[Round "?"]
[White "uoylliki"]
[Black "sierra92"]
[Result "0-1"]
[WhiteElo "2371"]
[BlackElo "2438"]
[PlyCount "64"]
[EventDate "2021.??.??"]
[EventType "blitz"]

1. e4 e5 2. Nf3 Nc6 3. c3 Nf6 4. d3 Bc5 5. Be2 Bb6 6. O-O d5 7. Nbd2 O-O 8. b4
Re8 9. Bb2 Bg4 10. h3 Bxf3 11. Bxf3 d4 12. Nc4 dxc3 13. Bxc3 Nd4 14. a4 c6 15.
a5 Bc7 16. g3 a6 17. Bg2 Qd7 18. f4 Rad8 19. fxe5 Bxe5 20. Nxe5 Rxe5 21. Kh2
Re7 22. Rf4 Ne8 23. Qh5 Ne6 24. Rh4 h6 25. Bxg7 N8xg7 26. Qxh6 f6 27. Rf1 Rf8
28. e5 f5 29. g4 Qd4 30. gxf5 Qxe5+ 31. Kh1 Rxf5 32. Qh7+ Kf7 {Normal} 0-1

[Event "Rated Blitz game"]
[Site "?"]
[Date "2021.06.09"]
[Round "?"]
[White "Cachul"]
[Black "AdrianWinterTandT"]
[Result "1/2-1/2"]
[WhiteElo "2409"]
[BlackElo "2340"]
[PlyCount "154"]
[EventDate "2021.??.??"]
[EventType "blitz"]

1. e4 e5 2. Nf3 Nc6 3. c3 Bc5 4. d4 exd4 5. cxd4 Bb4+ 6. Nc3 d5 7. exd5 Qxd5 8.
Be2 Nge7 9. O-O Bxc3 10. bxc3 O-O 11. c4 Qd8 12. d5 Nb8 13. Bb2 Ng6 14. Qd4 f6
15. Rfe1 b6 16. Bd3 Nd7 17. Ng5 Nde5 18. Bxg6 hxg6 19. f4 c5 20. Qc3 Ng4 21.
Ne6 Bxe6 22. Rxe6 Qc7 23. Qg3 Nh6 24. Qxg6 Qxf4 25. Rf1 Qg4 26. Rexf6 Rxf6 27.
Rxf6 Qxg6 28. Rxg6 Nf5 29. g4 Nd4 30. Bxd4 cxd4 31. Kf2 Rc8 32. Ke2 Rxc4 33.
Kd3 Ra4 34. d6 Kf7 35. d7 Ke7 36. Rxg7+ Kd8 37. h4 Rxa2 38. h5 Ra3+ 39. Kxd4
Rh3 40. Kd5 Rd3+ 41. Kc6 Rc3+ 42. Kb7 b5 43. h6 Rc7+ 44. Ka6 Rc6+ 45. Kxb5 Rxh6
46. g5 Rb6+ 47. Kc5 Rb1 48. g6 Rg1 49. Kc6 Rc1+ 50. Kd6 Rd1+ 51. Ke6 Re1+ 52.
Kf6 a5 53. Rf7 Rf1+ 54. Kg7 Rg1 55. Kh7 a4 56. g7 a3 57. g8=Q+ Rxg8 58. Kxg8 a2
59. Rf1 Kxd7 60. Ra1 Ke6 61. Rxa2 Kd5 62. Rg2 Kc4 63. Kg7 Kd4 64. Kf6 Ke4 65.
Kg5 Kf3 66. Rg4 Ke3 67. Kf5 Kf3 68. Rc4 Ke3 69. Rb4 Kd3 70. Ke5 Kc3 71. Rg4 Kd3
72. Kf5 Ke3 73. Rh4 Kd3 74. Ke5 Ke3 75. Rh3+ Kd2 76. Rh4 Kc3 77. Rh3+ Kd2 {
Time forfeit} 1/2-1/2

[Event "Rated Blitz game"]
[Site "?"]
[Date "2021.06.09"]
[Round "?"]
[White "Mountain_Hiker"]
[Black "Das_Beuteltier"]
[Result "1-0"]
[WhiteElo "2476"]
[BlackElo "2492"]
[PlyCount "25"]
[EventDate "2021.??.??"]
[EventType "blitz"]

1. e4 e5 2. Nf3 Nc6 3. c3 Nf6 4. d4 Nxe4 5. d5 Ne7 6. Nxe5 Ng6 7. Nxg6 hxg6 8.
Bd3 Nc5 9. O-O d6 10. Re1+ Be7 11. Bg5 Nxd3 12. Rxe7+ Qxe7 13. Bxe7 {Normal}
1-0

[Event "Rated Blitz game"]
[Site "?"]
[Date "2021.06.09"]
[Round "?"]
[White "bkara"]
[Black "esrosenberg"]
[Result "0-1"]
[WhiteElo "2423"]
[BlackElo "2294"]
[PlyCount "38"]
[EventDate "2021.??.??"]
[EventType "blitz"]

1. e4 e5 2. Nf3 Nc6 3. c3 d5 4. Qa4 f6 5. Bb5 Nge7 6. exd5 Qxd5 7. O-O e4 8.
Nd4 Bd7 9. Nxc6 Nxc6 10. Re1 f5 11. d3 a6 12. Bc4 Qa5 13. Qb3 O-O-O 14. dxe4
fxe4 15. Rxe4 Bd6 16. Be6 Qh5 17. Bxd7+ Rxd7 18. g3 Bxg3 19. hxg3 Rd1+ {Normal}
0-1

[Event "Rated Blitz game"]
[Site "?"]
[Date "2021.06.09"]
[Round "?"]
[White "FedericoGonzalez"]
[Black "Morphy84"]
[Result "1-0"]
[WhiteElo "2402"]
[BlackElo "2377"]
[PlyCount "81"]
[EventDate "2021.??.??"]
[EventType "blitz"]

1. e4 e5 2. Nf3 Nc6 3. c3 d5 4. Qa4 f6 5. d3 Be6 6. b4 a6 7. a3 Nge7 8. Nbd2
Ng6 9. h4 Be7 10. h5 Nf8 11. Qc2 Nd7 12. h6 g6 13. Bb2 Nb6 14. c4 dxc4 15. dxc4
Qd7 16. c5 Nc8 17. O-O-O O-O 18. Bc4 Bxc4 19. Nxc4 Qe6 20. Ne3 Bd8 21. Qc4
Qxc4+ 22. Nxc4 b5 23. Ne3 a5 24. Nd5 axb4 25. axb4 N8e7 26. Bc3 Ra4 27. Nxe7+
Bxe7 28. Rd7 Bd8 29. Rhd1 Ra8 30. Kb2 Rf7 31. g4 Kf8 32. g5 Ke8 33. Rxf7 Kxf7
34. Rd7+ Be7 35. gxf6 Kxf6 36. Rxc7 Ra6 37. Nxe5 Nxe5 38. f4 Ke6 39. Bxe5 Ra4
40. Bc3 Bf6 41. Rc6+ {Normal} 1-0

[Event "Rated Blitz game"]
[Site "?"]
[Date "2021.06.09"]
[Round "?"]
[White "Mountain_Hiker"]
[Black "SPECNAZ666"]
[Result "1-0"]
[WhiteElo "2477"]
[BlackElo "2516"]
[PlyCount "47"]
[EventDate "2021.??.??"]
[EventType "blitz"]

1. e4 e5 2. Nf3 Nc6 3. c3 d5 4. Qa4 Nf6 5. Bb5 Bd6 6. exd5 O-O 7. dxc6 e4 8.
Nd4 Ng4 9. Be2 Nxh2 10. Na3 Qg5 11. g3 Ng4 12. d3 Qg6 13. Bxg4 Bxg4 14. Nc4
exd3 15. Nxd6 Qxd6 16. Be3 bxc6 17. Qxc6 Qe7 18. Kd2 Rab8 19. b4 a5 20. a3 axb4
21. axb4 Rb6 22. Qc4 Be2 23. Nxe2 dxe2 24. Bxb6 {Normal} 1-0

[Event "Rated Blitz game"]
[Site "?"]
[Date "2021.06.09"]
[Round "?"]
[White "wader51"]
[Black "FriedPotato98"]
[Result "1-0"]
[WhiteElo "2433"]
[BlackElo "2268"]
[PlyCount "89"]
[EventDate "2021.??.??"]
[EventType "blitz"]

1. e4 e5 2. Nf3 Nc6 3. c3 d5 4. Bb5 Bg4 5. Qb3 Bxf3 6. gxf3 Nf6 7. d4 dxe4 8.
dxe5 Nd7 9. e6 fxe6 10. Qxe6+ Qe7 11. Qxe7+ Bxe7 12. fxe4 Nce5 13. f4 Ng4 14.
h3 Ngf6 15. e5 Ne4 16. e6 Bh4+ 17. Kd1 Nf2+ 18. Kc2 Nxh1 19. Be3 c6 20. exd7+
Kxd7 21. Be2 Ng3 22. Bg4+ Kc7 23. Bd4 Bf6 24. Bf2 Ne4 25. Be3 Rad8 26. Na3 b6
27. Nc4 c5 28. Re1 Rhe8 29. Ne5 Bxe5 30. fxe5 c4 31. Bf4 Nc5 32. e6+ Kb7 33. e7
Rd3 34. b4 cxb3+ 35. axb3 Rd7 36. Bxd7 Nxd7 37. b4 Nf6 38. Re6 Nd5 39. Be5 Rxe7
40. Rxe7+ Nxe7 41. Bxg7 a5 42. b5 Kc7 43. Be5+ Kd7 44. c4 Ke6 45. Bd4 {Normal}
1-0

[Event "Rated Blitz game"]
[Site "?"]
[Date "2021.06.09"]
[Round "?"]
[White "Mountain_Hiker"]
[Black "Taltico"]
[Result "1-0"]
[WhiteElo "2475"]
[BlackElo "2496"]
[PlyCount "81"]
[EventDate "2021.??.??"]
[EventType "blitz"]

1. e4 e5 2. Nf3 Nc6 3. c3 Nf6 4. d4 exd4 5. e5 Ne4 6. Qe2 Nc5 7. cxd4 Ne6 8. d5
Ned4 9. Nxd4 Nxd4 10. Qe4 c5 11. Nc3 Be7 12. Be3 O-O 13. Bd3 g6 14. d6 Bg5 15.
f4 Bh6 16. O-O-O Rb8 17. Nd5 b5 18. Bxd4 cxd4 19. Ne7+ Kh8 20. Kb1 Bb7 21. Qxd4
Bxg2 22. Rhg1 Bh3 23. f5 Qb6 24. Qh4 Qe3 25. fxg6 fxg6 26. Rg3 Rf3 27. Qxh3
Rbf8 28. Qxd7 Qxe5 29. Rxf3 Rxf3 30. Qxb5 Qf6 31. d7 Qxe7 32. Qd5 Rf8 33. a3
Bg7 34. Bc4 Rd8 35. Ka2 Qf6 36. Rd2 h5 37. Qe6 Qg5 38. Re2 Kh7 39. Qe8 Bf6 40.
Qf7+ Kh6 41. Re6 {Time forfeit} 1-0

[Event "Rated Blitz game"]
[Site "?"]
[Date "2021.06.09"]
[Round "?"]
[White "Mountain_Hiker"]
[Black "Das_Beuteltier"]
[Result "1-0"]
[WhiteElo "2477"]
[BlackElo "2492"]
[PlyCount "51"]
[EventDate "2021.??.??"]
[EventType "blitz"]

1. e4 e5 2. Nf3 Nc6 3. c3 Nf6 4. d4 Nxe4 5. d5 Ne7 6. Nxe5 Ng6 7. Nxg6 hxg6 8.
Bd3 Nf6 9. O-O Nxd5 10. Bxg6 Nf6 11. Bc2 d5 12. Bg5 Be7 13. Re1 Be6 14. Nd2 Qd6
15. h3 O-O-O 16. Nf3 Ne4 17. Bxe4 dxe4 18. Qxd6 Rxd6 19. Bxe7 Rd7 20. Rxe4 Rxe7
21. Nd4 Rh6 22. Rae1 Kd7 23. f4 Rf6 24. g4 Re8 25. f5 c5 26. fxe6+ {Normal} 1-0

[Event "Titled Tuesday 8th June"]
[Site "chess.com INT"]
[Date "2021.06.08"]
[Round "9"]
[White "Cagara, P."]
[Black "Nasyrova, Ekaterina"]
[Result "0-1"]
[WhiteElo "2027"]
[BlackElo "2149"]
[PlyCount "94"]
[EventDate "2021.06.08"]
[SourceTitle "The Week in Chess 1388"]
[Source "Mark Crowther"]
[SourceDate "2021.06.14"]
[SourceVersion "1"]
[SourceVersionDate "2021.06.14"]
[SourceQuality "2"]

1. e4 e5 2. Nf3 Nc6 3. c3 Nf6 4. d4 d6 5. Be2 Be7 6. O-O O-O 7. Nbd2 Bg4 8. b3
Bxf3 9. Bxf3 exd4 10. Bb2 dxc3 11. Bxc3 Ne5 12. Be2 Re8 13. f4 Ng6 14. g3 Bf8
15. Qc2 Nd5 16. Bd4 c5 17. Bb2 Ne3 18. Qd3 Nxf1 19. Rxf1 h5 20. Bxh5 Qe7 21.
Qd5 Qe6 22. Qxe6 Rxe6 23. f5 Re7 24. fxg6 fxg6 25. Bxg6 Rd8 26. Nf3 d5 27. exd5
Rxd5 28. h4 Rd6 29. h5 Re2 30. Ng5 Be7 31. Bh7+ Kh8 32. Bc1 Bxg5 33. Bxg5 Kxh7
34. Rf7 Rd1+ 35. Rf1 Rxf1+ 36. Kxf1 Rxa2 37. Bf4 Rb2 38. Bd6 Rxb3 39. Bxc5 a5
40. g4 a4 41. g5 Rb5 42. Be3 Rf5+ 43. Kg2 b5 44. Kg3 b4 45. Kg4 Re5 46. Bd4
Re4+ 47. Kf5 Rxd4 0-1

[Event "Titled Tuesday 8th June"]
[Site "chess.com INT"]
[Date "2021.06.08"]
[Round "4"]
[White "Terry, R."]
[Black "Maksimenko, Viktor"]
[Result "1-0"]
[WhiteElo "2504"]
[BlackElo "2239"]
[PlyCount "77"]
[EventDate "2021.06.08"]
[SourceTitle "The Week in Chess 1388"]
[Source "Mark Crowther"]
[SourceDate "2021.06.14"]
[SourceVersion "1"]
[SourceVersionDate "2021.06.14"]
[SourceQuality "2"]

1. e4 e5 2. Nf3 Nc6 3. c3 d5 4. Qa4 Bd7 5. exd5 Nd4 6. Qd1 Nxf3+ 7. Qxf3 Nf6 8.
Bc4 Bd6 9. d3 h6 10. Nd2 O-O 11. O-O Bg4 12. Qe3 b5 13. Bb3 a5 14. a3 a4 15.
Ba2 Nd7 16. Ne4 f5 17. Nxd6 cxd6 18. f4 g5 19. fxe5 Nxe5 20. d4 Nc4 21. Qd3 Qd7
22. h3 Bh5 23. Bxc4 bxc4 24. Qxc4 f4 25. Bd2 f3 26. Qd3 Kg7 27. Rae1 Bg6 28.
Qe3 Rae8 29. Qf2 fxg2 30. Qxg2 Rxf1+ 31. Qxf1 Rf8 32. Qg2 Rf7 33. Re6 Qb5 34.
Be1 Qd3 35. Bg3 Qd1+ 36. Re1 Qb3 37. Bxd6 Qxd5 38. Qxd5 Be4 39. Be5+ 1-0

[Event "Rated Blitz game"]
[Site "?"]
[Date "2021.06.08"]
[Round "?"]
[White "IBERMAN"]
[Black "Kapitan-Badiga"]
[Result "0-1"]
[WhiteElo "2403"]
[BlackElo "2519"]
[PlyCount "46"]
[EventDate "2021.??.??"]
[EventType "blitz"]

1. e4 e5 2. Nf3 Nc6 3. c3 Qe7 4. Bc4 d6 5. h3 g6 6. O-O Bg7 7. b4 Nf6 8. Qe2
O-O 9. d3 a5 10. b5 Nb8 11. a4 Nbd7 12. Nbd2 b6 13. Ba3 Bb7 14. Rfe1 h6 15.
Rad1 Rfe8 16. Nf1 Nc5 17. Ng3 Nxa4 18. d4 Nxc3 19. Qd3 Nxd1 20. Qxd1 Nd7 21.
Qb3 exd4 22. e5 Bxf3 23. Qxf3 Nxe5 {Normal} 0-1

[Event "Rated Blitz tournament kuuxKuGp"]
[Site "?"]
[Date "2021.06.08"]
[Round "?"]
[White "RobertGutierez_UNMSM"]
[Black "Souren"]
[Result "0-1"]
[WhiteElo "2367"]
[BlackElo "2575"]
[PlyCount "38"]
[EventDate "2021.??.??"]
[EventType "blitz"]

1. e4 e5 2. Nf3 Nc6 3. c3 Nf6 4. d4 exd4 5. e5 Nd5 6. cxd4 d6 7. exd6 Bxd6 8.
Nc3 Nde7 9. Be2 O-O 10. O-O Bg4 11. Be3 Nf5 12. d5 Nxe3 13. fxe3 Ne7 14. e4 Ng6
15. h3 Bxf3 16. Bxf3 Qg5 17. Qe1 Rae8 18. Qf2 b6 19. Rae1 Bc5 {Normal} 0-1